000 00536nam a2200169 i 4500
001 64396
003 ES-MaACL
005 20230906165123.0
007 t|
008 031224s1973 sp ||||1| cat d
100 1 _aFoix, J. V. (
_d1894-1987)
_951423
245 1 0 _aAntología poética /
_cJ.V. Foix ; tria de María Manent...[et al.] ; homenatge al poeta en els seus vuitanta anys.
260 _a[Barcelona] :
_bProa,
_c1973.
300 _a145 p. ;
_c18 cm.
700 1 _aManent, María.
_975976
852 _aES-MaACL
_jC-52245
_bR.86001
999 _c64396
_d64396